000 00889cam a2200217 4500
001 J122649
008 030618n2002 000 0 eng u
035 _a(Sirsi) u122649
041 _aeng
050 _a346.410434
_c18
100 _aJohnston, Jim
245 4 _aThe landlord's perspective
_h[videorecording]
260 _aLondon
_bRICS
_c2002
490 _aRICS Multimedia Presentations
490 _aRICS Telecommunications Forum Landlords and Tenants Opposites Can Attract Series
520 _aA twelve minute video presentation giving an outline of the advantages to be gained by successful landlords working with tenants and providing flexibility in their facilities.
690 _aPROPERTY-LANDLORD AND TENANT
710 _aRoyal Institution of Chartered Surveyors
_94900
710 _aRoyal Institution of Chartered Surveyors
_bTelecommunications Forum
_94469
942 _n0
999 _c102895
_d102895